Interfaz visual para un monitor/actuador inteligente sobre procesos industriales : caso micro-despacho Arenal-Corobicí
Salvato in:
| Autore principale: | |
|---|---|
| Natura: | Libro |
| Pubblicazione: |
San José, C.R.
2001
|
| Soggetti: | |
| Tags: |
Aggiungi Tag
Nessun Tag, puoi essere il primo ad aggiungerne!!
|
MARC
| LEADER | 00000nam a2200000Ia 4500 | ||
|---|---|---|---|
| 003 | 008897 | ||
| 005 | 20221231144156.0 | ||
| 008 | 140114s2001 cr a m 000 ||s d | ||
| 040 | |c cru CEDI | ||
| 090 | |a TFG 4458 | ||
| 100 | |a Jiménez Vargas, Esteban |9 6550 | ||
| 245 | |a Interfaz visual para un monitor/actuador inteligente sobre procesos industriales : caso micro-despacho Arenal-Corobicí | ||
| 260 | |c 2001 |a San José, C.R. | ||
| 300 | |a ix, 91 hojas : ilustraciones a color | ||
| 500 | |a Proyecto de graduación (bachillerato en ingeniería eléctrica)--Universidad de Costa Rica. Facultad de Ingeniería. Escuela de Ingeniería Eléctrica | ||
| 650 | |x INTERFASES CON EL USUARIO (SISTEMA PARA COMPUTADORA) |x DISEÑO |x PROGRAMACION VISUAL (COMPUTADORAS) |9 7470 | ||
| 942 | |c TFG | ||
| 999 | |c 17983 |d 17983 | ||
